000 00595nam a2200193 4500
001 133079
003 ES-MaACL
005 20230906194324.0
007 t|
008 070214s1999 sp r ||||1| spa d
100 1 _aRossi, Ettore.
_999868
245 1 0 _aCardiopatías del lactante /
_cEttore Rossi ; prólogo de M. Suárez ; traducción de J. A. Velasco.
250 _a1ª. ed.
260 _aMadrid :
_bJavier Morata,
_c1958.
300 _a527 p., 12 lám. :
_bil. ;
_c25 cm.
700 1 _aSuárez, M.
_9108571
700 1 _aVelasco, J. A.
_9113726
852 _aES-MaACL
_jC-14670
_bR.42857
999 _c133079
_d133079